000 01563nam a22001937a 4500
005 20251218124722.0
020 _a9789357325073
082 _a920 AKH
100 _aAkhil P Dharmajan
_9966
245 _aOuija Board_Malayalam
250 _a1
260 _aDC Books
_bKottayam
_c2025
300 _aNumber of pages : 208
500 _aCategory : Novel, Upmarket Fiction, HORROR
520 _aപ്രേതങ്ങളെക്കുറിച്ചുള്ള ഗവേഷണത്തിനായി കാനഡയിൽ നിന്ന് കേരളത്തിലെത്തിയ മാധ്യമപ്രവർത്തകൻ അലക്സ് വാടകയ്ക്ക് താമസിക്കാനെടുത്ത വീടിന് ദുർമരണങ്ങളുടെ ഇരുണ്ട ഭൂതകാലമുണ്ട്. മരണങ്ങളെ ക്കുറിച്ച് കാലങ്ങൾക്കിപ്പുറവും അവശേഷിക്കുന്ന ചോദ്യങ്ങൾക്ക് ഉത്തരം കണ്ടെത്താൻ അലക്സും കൂട്ടൂകാരും ഓജോബോർഡിൻ്റെ സഹായത്തോടെ നടത്തുന്ന യാത്രയാണ് ഈ നോവൽ. വായനക്കാരെ ഭീതിയുടെ ലോകത്ത് അകപ്പെടുത്തുന്ന സിനിമാറ്റിക്കായ ആഖ്യാനം .
546 _aLanguage : Malayalam
650 _aGEN
_92
942 _cBK
999 _c38095
_d38095